Монголын соёл, урлагийн хөгжилд сономын лувсанванданы гүйцэтгэсэн үүрэг (Бичлэгийн дугаар. 1156204)
[ энгийн харах ]
| 000 -Удирдлага | |
|---|---|
| Ном зүйн бүртгэл тоо буюу кодлох утгыг агуулсан | 01244nam a22002657a 4500 |
| 003 - ХЯНАЛТЫН ТОО ТОДОРХОЙЛОГЧ | |
| Код | MN-UlNLM |
| 005 - ХАМГИЙН СҮҮЛИЙН ҮЕИЙН ХЭЛЦЛИЙН ОГНОО БА ЦАГ | |
| Тухайн бичилтийг бичсэн засварласан сүүлийн огноо. | 20260310095005.0 |
| 008 - ЕРӨНХИЙ МЭДЭЭЛЭЛ-ЭЛЕМЕНТҮҮДИЙН ӨГӨГДЛИЙН УРТ | |
| fixed length control field | 260305b mp ||||| |||| 00| 0 mon d |
| 040 ## - ЭХ СУРВАЛЖИЙГ ТОДОРХОЙЛОН БИЧИХ | |
| Анхны каталогийн байгууллага | Монгол Улсын Үндэсний номын сан |
| Бичлэг хийж нэвтрүүлэх байгууллага | MN-UlNLM |
| Өөрчлүүлэх байгууллага | MN-UlNLM |
| Бичиглэлийн тодорхойлолт | rda |
| 041 ## - ХЭЛНИЙ КОД | |
| Текстийн хэлний код/фонограм буюу салангид гарчиг | Монгол |
| 043 ## - GEOGRAPHIC AREA CODE | |
| Geographic area code | e-ru----- |
| 084 ## - БУСАД АНГИЛЛЫН ДУГААР | |
| Ангиллын нэр | Аравтын ангилал |
| Шинжлэх ухааны мэдлэгийн салбар | Урлаг - 85 |
| 100 ## - ЗОХИОГЧИЙН ХЭСЭГ | |
| Зохиогчийн нэр | Алтанзаяа Отгондоогийн |
| Зохиогчийн хэргэм / зэрэг | Зохиогч |
| Зохиогчийн бүтэн овог нэр | Отгондоогийн Алтанзаяа |
| 110 ## - ДЭЭД ГАРЧГИЙН МЭДЭЭ | |
| Эрхлэн гаргасан байгууллагын нэр | Монгол Улсын боловсролын яам Соёл урлагийн их сургууль |
| 245 ## - ҮНДСЭН ГАРЧИГ | |
| Гарчиг | Монголын соёл, урлагийн хөгжилд сономын лувсанванданы гүйцэтгэсэн үүрэг |
| Гарчигт хамааралтай мэдээ | Соёл судлалын доктор (Ph.D) -ын зэрэг горилсон бүтээл |
| Оролцогчдын тухай мэдээ | Удирдагч: Ж.Долгорсүрэн |
| 264 ## - ГАРАЛТЫН МЭДЭЭ | |
| Хэвлэгдсэн газар | Улаанбаатар |
| Хэвлэгдсэн он | 2024 |
| 300 ## - ТООНЫ МЭДЭЭ | |
| Хуудасны тоо | 176 хуудас |
| Хэмжээ | 30 см |
| 336 ## - АГУУЛГЫН ТӨРӨЛ | |
| Нөөц | rdacontent |
| Агуулгын төрлийн нөхцөл | text |
| Агуулгын төрлийн код | txt |
| 337 ## - MEDIA TYPE | |
| Эх сурвалж | rdamedia |
| Файлын төрөл | video |
| Файлын код | v |
| 338 ## - CARRIER TYPE | |
| Source | rdacarrier |
| Carrier type term | volume |
| Carrier type code | nc |
| 546 ## - ХЭЛНИЙ ТУХАЙ МЭДЭЭ | |
| Хэл | Монгол |
| 651 ## - ГАЗАРЗҮЙН БАЙРШИЛ | |
| Байршлийн нэр | Соёл урлагийн шинжлэх ухаан |
| 653 ## - ТҮЛХҮҮР ҮГС | |
| Түлхүүр үг | соёл, урлаг |
| -- | С.Лувсанвандан |
| 942 ## - ЭЛЕМЕНТИЙН ТӨРӨЛ | |
| Төрөл | Диссертаци |
| Хамгийн сүүлд байсан огноо | Нийт уншлаганд гарсан тоо | Төрөл | Хасагдсан шалтгаан | Ангиллын нэр | Гэмтсэн төлөв | Захиалах боломжгүй | Буцаан татагдсан төлөв | Үндсэн номын сан | Одоогийн байршил | Бүртгэсэн огноо | Бүрдүүлэлтийн эх үүсвэр |
|---|---|---|---|---|---|---|---|---|---|---|---|
| 2026-03-05 | Диссертаци | Аравтын ангилал | МУҮНомын сан салбар | МУҮНомын сан салбар | 2026-03-05 | Диссертаци |